000
00240nam a2200097Ia 4500
008
230915s9999 xx 000 0 und d
050
_a
QD 81 .H37 2007
100
_a
DANIEL C. HAMIS
245
0
_a
QUANTITATIVE CHEMICAL ANALYSIS
942
_c
BK
999
_c
190291
_d
190291